| 000 | 00500nam a2200145 a 4500 | ||
|---|---|---|---|
| 001 | 000028786 | ||
| 005 | 20200930055133.0 | ||
| 008 | 110412s2004 dr a 000 0 spa d | ||
| 040 |
_aDO-SdBNP _bspa _cBNPHU |
||
| 082 |
_axxx _bC748c |
||
| 245 | 0 | 0 | _aConformando ciudadanos y ciudadanas conscientes del servicio del sistema judicial. |
| 260 |
_aSanto Domingo : _bFundación Institucionalidad y Juaticia (FINJUS) ; _bParticipación Ciudadana, _c2004. |
||
| 300 |
_a32 p. : _bil. ; _c29 cm. |
||
| 049 | _aBNPD | ||
| 999 |
_c28278 _d28278 |
||